Economic Policies and Unemployment Dynamics in Europe.

This book, edited by S.G.B. Henry and Dennis J. Snower, examines the high unemployment that has plagued five European countries- France, Germany, Italy, Spain, and the United Kingdom- for more than a decade. Its methodology focuses on the mechanisms that prevent employers and employees from adjustin...

Descrizione completa

Dettagli Bibliografici
Natura: Periodico
Lingua:English
Pubblicazione: Washington, D.C. : International Monetary Fund, 1997.
Accesso online:Full text available on IMF
LEADER 01657cas a2200181 a 4500
001 AALejournalIMF015682
008 230101c9999 xx r poo 0 0eng d
020 |z 9781557755780 
040 |a BD-DhAAL  |c BD-DhAAL 
245 1 0 |a Economic Policies and Unemployment Dynamics in Europe. 
264 1 |a Washington, D.C. :  |b International Monetary Fund,  |c 1997. 
300 |a 1 online resource (227 pages) 
500 |a <strong>Off-Campus Access:</strong> No User ID or Password Required 
500 |a <strong>On-Campus Access:</strong> No User ID or Password Required 
506 |a Electronic access restricted to authorized BRAC University faculty, staff and students 
520 3 |a This book, edited by S.G.B. Henry and Dennis J. Snower, examines the high unemployment that has plagued five European countries- France, Germany, Italy, Spain, and the United Kingdom- for more than a decade. Its methodology focuses on the mechanisms that prevent employers and employees from adjusting promptly to changing market opportunities. Chief among these mechanisms are outdated economic structures, the power of labor unions, rising nonwage labor costs, and the disparity between unemployed workers and available jobs. Although cross-country differences indicate that there is no common cause for joblessness in Europe, the book discusses a unique characteristic of the European labor market- that unemployment not only rises during recessions, but does not fall when economic weaknesses are overcome. 
538 |a Mode of access: Internet 
856 4 0 |z Full text available on IMF  |u http://elibrary.imf.org/view/books/071/01962-9781557755780-en/01962-9781557755780-en-book.xml  |z IMF e-Library